000 00541nam a22002177a 4500
003 UA-OsUOA
001 71341
007 ta
008 20101021b un ||||| |||| 00| 0 ukr d
100 _aСолецький О.
090 _a82
_bС60
942 _cSA
040 _aUA-OsUOA
_bukr
_cUA-OsUOA
_dUA-OsUOA
245 _aВалерій Шевчук і бароко
300 _aС.35-41
955 _a0
041 _aukr
080 _a82
773 0 _w71338
650 7 _a82 Література. Літературознавство
_2UDC
999 _c357621
_d357621